[Event "Championnat de France - Accession"]
[Site "Aix-les-Bains"]
[Date "2007.??.??"]
[Round "7.6"]
[White "Fayard, Alain"]
[Black "Shirazi, Kamran"]
[Result "0-1"]
[WhiteElo "2305"]
[BlackElo "2401"]
[PlyCount "114"]
[EventDate "2007.??.??"]

1. d4 e6 2. c4 c5 3. d5 exd5 4. cxd5 d6 5. Nc3 Be7 6. Nf3 Nf6 7. Nd2 O-O 8. e4
Nbd7 9. Be2 Re8 10. O-O Bf8 11. Qc2 Ne5 12. a4 g5 13. Nc4 Nxc4 14. Bxc4 Nh5 15.
Ra3 Bg7 16. Ne2 Qe7 17. Re3 a6 18. Bd2 Bd7 19. Ng3 Nxg3 20. Rxg3 h6 21. Re1 b5
22. Ba2 Bf5 23. h4 Bxe4 24. Qd1 Qd7 25. hxg5 hxg5 26. Rxg5 Bg6 27. Bb1 Rxe1+
28. Bxe1 Bxb1 29. Qxb1 b4 30. Qd3 Qe7 31. Bd2 Re8 32. Qg3 Qf6 33. b3 Re2 34.
Bf4 Re1+ 35. Kh2 Qh6+ 36. Qh3 Qxh3+ 37. gxh3 c4 38. Rg3 c3 39. Bh6 Kh7 40. Bxg7
c2 41. Bb2 Rb1 42. Rg7+ Kh6 43. Rxf7 Rxb2 44. Rc7 a5 45. Kg2 Kg5 46. Rc4 Rxb3
47. Rxc2 Ra3 48. Rc6 Rxa4 49. Rb6 Kf4 50. Kf1 Ke4 51. h4 Kxd5 52. h5 Kc5 53. h6
Ra1+ 54. Kg2 Re1 55. h7 Re8 56. Ra6 Kb5 57. Rxd6 b3 0-1

[Event "Championnat de France - Accession"]
[Site "Aix-les-Bains"]
[Date "2007.??.??"]
[Round "7.7"]
[White "Therkildsen, Thomas"]
[Black "Chomet, Pascal"]
[Result "1-0"]
[WhiteElo "2310"]
[BlackElo "2353"]
[PlyCount "69"]
[EventDate "2007.??.??"]

1. e4 c5 2. c3 d6 3. d4 Nf6 4. f3 Nbd7 5. Be3 g6 6. Bd3 Bg7 7. Ne2 O-O 8. g4
cxd4 9. cxd4 e5 10. d5 Nc5 11. Bc2 a5 12. Ng3 Qb6 13. b3 a4 14. bxa4 Bd7 15.
Nc3 Qb2 16. Nge2 Nxa4 17. Bxa4 Bxa4 18. Nxa4 Rxa4 19. Rb1 Qxa2 20. Nc3 Qa3 21.
Rb3 Qa1 22. Nxa4 Qxa4 23. Rxb7 Qa3 24. Qb3 Qa1+ 25. Qb1 Qa5+ 26. Kf2 Ne8 27.
Qb6 Qa2+ 28. Qb2 Qa5 29. Rb6 Qa8 30. Rb8 Qa4 31. Ra1 Qd7 32. Ra7 Nc7 33. Rxf8+
Bxf8 34. Qb8 Qb5 35. Rb7 1-0

[Event "Championnat de France - Accession"]
[Site "Aix-les-Bains"]
[Date "2007.??.??"]
[Round "7.8"]
[White "Benitah, Yohan"]
[Black "Guilleux, Fabien"]
[Result "1/2-1/2"]
[WhiteElo "2421"]
[BlackElo "2203"]
[PlyCount "70"]
[EventDate "2007.??.??"]

1. d4 Nf6 2. c4 g6 3. f3 Bg7 4. e4 O-O 5. Nc3 d6 6. Bg5 a6 7. Qd2 Nbd7 8. Nge2
c5 9. d5 b5 10. cxb5 Qa5 11. a4 Nb6 12. Nc1 axb5 13. Nxb5 Qxd2+ 14. Kxd2 Rxa4
15. Rxa4 Nxa4 16. Kc2 Bd7 17. b3 Nb6 18. Nc3 Rb8 19. N1a2 e6 20. dxe6 Bxe6 21.
Be2 d5 22. Bxf6 Bxf6 23. exd5 Nxd5 24. Nxd5 Bxd5 25. Rb1 Ra8 26. Nc3 Be6 27.
Bc4 Bf5+ 28. Bd3 Bxc3 29. Kxc3 Bxd3 30. Kxd3 Ra2 31. Rg1 Kg7 32. Kc4 Rc2+ 33.
Kd3 Rb2 34. Kc3 Re2 35. Kd3 Rb2 1/2-1/2

[Event "Championnat de France - Accession"]
[Site "Aix-les-Bains"]
[Date "2007.??.??"]
[Round "7.9"]
[White "Rouler, Charly"]
[Black "Riff, Jean-Noel"]
[Result "0-1"]
[WhiteElo "2284"]
[BlackElo "2460"]
[PlyCount "60"]
[EventDate "2007.??.??"]

1. d4 Nf6 2. c4 e6 3. Nc3 Bb4 4. Qc2 d5 5. a3 Bxc3+ 6. Qxc3 Ne4 7. Qc2 c5 8.
dxc5 Nc6 9. Nf3 Qa5+ 10. Bd2 Nxd2 11. Qxd2 dxc4 12. Qxa5 Nxa5 13. Rc1 b5 14.
cxb6 axb6 15. e3 b5 16. Be2 Ke7 17. O-O f6 18. Rfd1 Nb3 19. Rc3 Nc5 20. Kf1 Bd7
21. Nd2 Bc6 22. Ra1 Rhd8 23. Rc2 Ra7 24. Re1 Be8 25. Nb1 Bg6 26. Rd2 Rxd2 27.
Nxd2 Na4 28. b3 c3 29. bxa4 cxd2 30. Ra1 Rc7 0-1

[Event "Championnat de France - Accession"]
[Site "Aix-les-Bains"]
[Date "2007.??.??"]
[Round "7.10"]
[White "Vernay, Clovis"]
[Black "Gregoire, Sylvain"]
[Result "1-0"]
[WhiteElo "2381"]
[BlackElo "2261"]
[PlyCount "105"]
[EventDate "2007.??.??"]

1. d4 c5 2. d5 e5 3. e4 d6 4. Be2 a6 5. a4 g6 6. Nf3 Nd7 7. Nc3 h5 8. Nd2 Bh6
9. Nc4 Nb6 10. Ne3 Bd7 11. a5 Nc8 12. Nc4 Bb5 13. O-O Bxc4 14. Bxc4 Kf8 15. Ra3
Kg7 16. Bxh6+ Nxh6 17. Qd2 Ng4 18. f3 Nf6 19. h4 Re8 20. g3 Rb8 21. Rfa1 Qc7
22. Nd1 Qe7 23. Ne3 Nd7 24. Bf1 Rf8 25. Bh3 Na7 26. c4 Kh7 27. Rf1 Nf6 28. Kg2
Nc8 29. Rf2 b5 30. Nf5 gxf5 31. Bxf5+ Kg8 32. Qg5+ Kh8 33. Qh6+ Kg8 34. g4 Re8
35. b3 Qf8 36. Qxf6 Qg7 37. g5 Kh8 38. f4 exf4 39. Rxf4 Ne7 40. cxb5 axb5 41.
Bd7 Ng6 42. Bxe8 Nxf4+ 43. Kf3 Nxd5 44. Qxg7+ Kxg7 45. Bxb5 Nc7 46. Bc4 Ra8 47.
a6 Ra7 48. Ra4 Na8 49. Ra2 f6 50. Rd2 Rd7 51. Bb5 Rf7 52. g6 Kxg6 53. Be8 1-0

[Event "Championnat de France - Accession"]
[Site "Aix-les-Bains"]
[Date "2007.??.??"]
[Round "7.12"]
[White "Dubessay, Bastien"]
[Black "Riff, Vincent"]
[Result "0-1"]
[WhiteElo "2117"]
[BlackElo "2308"]
[PlyCount "40"]
[EventDate "2007.??.??"]

1. d4 Nf6 2. c4 g6 3. Nc3 Bg7 4. e4 d6 5. f3 O-O 6. Be3 c5 7. Nge2 Nc6 8. d5
Ne5 9. Ng3 Nh5 10. Nxh5 gxh5 11. Qd2 f5 12. Rd1 fxe4 13. fxe4 Bg4 14. Rc1 Qe8
15. h3 Bd7 16. Kd1 a6 17. Ne2 Qg6 18. Qc2 b5 19. g4 Nxc4 20. Bd2 Nxd2 0-1

[Event "Championnat de France - Accession"]
[Site "Aix-les-Bains"]
[Date "2007.??.??"]
[Round "7.13"]
[White "Blum, Nicolas"]
[Black "Lerch, Patrice"]
[Result "1/2-1/2"]
[WhiteElo "2166"]
[BlackElo "2301"]
[PlyCount "118"]
[EventDate "2007.??.??"]

1. e4 c5 2. Nf3 Nc6 3. Bb5 g6 4. O-O Bg7 5. c3 Nf6 6. Re1 O-O 7. h3 Qb6 8. Ba4
d6 9. d4 Nd7 10. e5 dxe5 11. Bxc6 Qxc6 12. dxe5 b6 13. Bf4 Bb7 14. Nbd2 Rad8
15. Qc2 c4 16. Ne4 Nc5 17. Nxc5 Qxc5 18. Nd4 Rxd4 19. cxd4 Qd5 20. f3 Qxd4+ 21.
Be3 Qxe5 22. Bxb6 Qxb2 23. Qxb2 Bxb2 24. Rab1 c3 25. Bxa7 Rd8 26. Be3 Bd5 27.
Rbd1 e6 28. Bc1 Rb8 29. Re2 Bxa2 30. Rf2 e5 31. Re1 f6 32. Rc2 g5 33. Ree2 Bc4
34. Rxb2 cxb2 35. Rxb2 Bb3 36. Kf2 Kf7 37. Ke3 Ke6 38. Bd2 Rb5 39. Rb1 h5 40.
Be1 Rb6 41. h4 Kf5 42. hxg5 Kxg5 43. Bc3 Rb5 44. Kf2 Kf4 45. Rb2 Kf5 46. Ke3
Ke6 47. Rb1 Kd6 48. Bd2 Rb7 49. g3 Kc5 50. Be1 Kc4 51. Rc1+ Kd5 52. Rb1 Ke6 53.
Bd2 Kf5 54. Rb2 Rb6 55. Rb1 Rb5 56. Rb2 e4 57. fxe4+ Kg4 58. Be1 f5 59. Rf2 Re5
1/2-1/2

[Event "Championnat de France - Accession"]
[Site "Aix-les-Bains"]
[Date "2007.??.??"]
[Round "7.14"]
[White "Demuth, Adrien"]
[Black "Van Elst, Andreas"]
[Result "1/2-1/2"]
[WhiteElo "2193"]
[BlackElo "2294"]
[PlyCount "96"]
[EventDate "2007.??.??"]

1. d4 Nf6 2. c4 g6 3. Nc3 Bg7 4. e4 d6 5. Nf3 O-O 6. Be2 Nbd7 7. O-O e5 8. Re1
c6 9. Rb1 exd4 10. Nxd4 Re8 11. Bf1 Nc5 12. f3 Nh5 13. Be3 Qe7 14. Qd2 Bd7 15.
Bf2 Rad8 16. b4 Na6 17. Nc2 Be5 18. Ne2 b6 19. g4 Nf6 20. f4 Nxe4 21. Qe3 Nxf2
22. Qxf2 Bg7 23. Ng3 Qh4 24. c5 Nb8 25. cxb6 axb6 26. Qxb6 Qxg4 27. Rxe8+ Rxe8
28. Re1 Be6 29. Qf2 Bh6 30. f5 gxf5 31. Bg2 Kf8 32. Nd4 f4 33. Nf1 Bd5 34. h3
Qg6 35. Rxe8+ Kxe8 36. Nd2 Nd7 37. b5 cxb5 38. Nxb5 Bxg2 39. Qxg2 Qxg2+ 40.
Kxg2 Ke7 41. a4 Nc5 42. a5 Na6 43. Kf3 d5 44. Nb3 Kf6 45. N3d4 Kg5 46. Nd6 Bg7
47. Ne2 f5 48. h4+ Kf6 1/2-1/2

[Event "Championnat de France - Accession"]
[Site "Aix-les-Bains"]
[Date "2007.??.??"]
[Round "7.19"]
[White "Boudre, Jean-Pierre"]
[Black "Buscara, Sevan"]
[Result "1/2-1/2"]
[WhiteElo "2329"]
[BlackElo "2048"]
[PlyCount "60"]
[EventDate "2007.??.??"]

1. e4 d6 2. d4 Nf6 3. Nc3 Nbd7 4. f4 e5 5. Nf3 exd4 6. Qxd4 c6 7. Be3 d5 8.
exd5 Bc5 9. Qd3 Qe7 10. Nd4 Nb6 11. dxc6 bxc6 12. Be2 O-O 13. Bd2 a5 14. Nxc6
Qc7 15. Ne5 Ba6 16. Qf3 Bb7 17. Qh3 Nbd5 18. O-O-O Bb4 19. Nxd5 Bxd5 20. Bd3
Rfc8 21. Rhe1 Be6 22. Qh4 Rab8 23. Bxb4 Rxb4 24. Qf2 Bxa2 25. Bf5 Be6 26. Bxe6
fxe6 27. Nd3 Rc4 28. Kb1 Rxc2 29. Rc1 Rxf2 30. Rxc7 Rxb2+ 1/2-1/2

[Event "Championnat de France - Accession"]
[Site "Aix-les-Bains"]
[Date "2007.??.??"]
[Round "7.20"]
[White "Giua, Frederic"]
[Black "Schabanel, Stephane"]
[Result "1-0"]
[WhiteElo "2204"]
[BlackElo "2280"]
[PlyCount "41"]
[EventDate "2007.??.??"]

1. Nf3 c5 2. d4 cxd4 3. Nxd4 Nc6 4. g3 d5 5. Bg2 Nf6 6. O-O Qb6 7. Nb3 e6 8. a4
Be7 9. a5 Qd8 10. Nc3 O-O 11. e4 dxe4 12. Nxe4 Qc7 13. Qe2 e5 14. Nxf6+ Bxf6
15. Qe4 a6 16. Be3 Nd4 17. Nxd4 exd4 18. Bxd4 Bf5 19. Qxf5 Bxd4 20. c3 Bf6 21.
Be4 1-0

[Event "Championnat de France - Accession"]
[Site "Aix-les-Bains"]
[Date "2007.??.??"]
[Round "8.1"]
[White "Vitoux, Colomban"]
[Black "Bedouin, Xavier"]
[Result "1-0"]
[WhiteElo "2343"]
[BlackElo "2357"]
[PlyCount "77"]
[EventDate "2007.??.??"]

1. e4 c5 2. Nf3 Nc6 3. d4 cxd4 4. Nxd4 Nf6 5. Nc3 e5 6. Ndb5 d6 7. Bg5 a6 8.
Na3 b5 9. Bxf6 gxf6 10. Nd5 f5 11. Bxb5 axb5 12. Nxb5 Ra4 13. b4 Rxb4 14. Nbc7+
Kd7 15. O-O Rb7 16. Qh5 Nd4 17. Rab1 Be7 18. c3 Ne6 19. Qxf7 Rxc7 20. exf5 Rf8
21. Qxe6+ Ke8 22. Rb8 Bxe6 23. Nxc7+ Kd7 24. Rxd8+ Bxd8 25. Nxe6 Rxf5 26. Nxd8
Kxd8 27. a4 Kc7 28. a5 Rf8 29. Ra1 Ra8 30. a6 Ra7 31. f3 Kc6 32. Kf2 Kc5 33.
Ke3 d5 34. Kd3 Kd6 35. Ra5 Ke6 36. g4 Kd6 37. h4 h6 38. c4 dxc4+ 39. Kxc4 1-0

[Event "Championnat de France - Accession"]
[Site "Aix-les-Bains"]
[Date "2007.??.??"]
[Round "8.2"]
[White "Jolly, Jean-Francois"]
[Black "Cossin, Sebastien"]
[Result "0-1"]
[WhiteElo "2315"]
[BlackElo "2433"]
[PlyCount "58"]
[EventDate "2007.??.??"]

1. e4 c5 2. Nf3 d6 3. d4 cxd4 4. Nxd4 Nf6 5. Nc3 a6 6. Be2 g6 7. O-O Bg7 8. a4
O-O 9. a5 Nc6 10. Nb3 Be6 11. Be3 Bxb3 12. Bb6 Bxc2 13. Qxc2 Qe8 14. Qd2 Nd7
15. Be3 Nc5 16. Ra3 Qd8 17. Rb1 Re8 18. b4 Bxc3 19. Qxc3 Nxe4 20. Qc2 d5 21. b5
axb5 22. Rxb5 e6 23. Bb6 Qf6 24. Qb2 Qxb2 25. Rxb2 Rec8 26. f3 Nd6 27. Ra4 Ne5
28. Bd4 Nec4 29. Rba2 Rc6 0-1

[Event "Championnat de France - Accession"]
[Site "Aix-les-Bains"]
[Date "2007.??.??"]
[Round "8.3"]
[White "Shirazi, Kamran"]
[Black "Rainfray, Arnaud"]
[Result "1-0"]
[WhiteElo "2401"]
[BlackElo "2393"]
[PlyCount "117"]
[EventDate "2007.??.??"]

1. c4 e6 2. e4 d5 3. Nc3 dxe4 4. Nxe4 Nc6 5. Nf3 e5 6. d3 Nf6 7. Nxf6+ Qxf6 8.
Be2 Bb4+ 9. Nd2 O-O 10. O-O Bxd2 11. Bxd2 Bf5 12. Bc3 Rad8 13. f4 Nd4 14. Bg4
Qg6 15. Bxf5 Qxf5 16. fxe5 Qxe5 17. Rf2 c5 18. Qf1 f6 19. Re1 Qd6 20. Re4 f5
21. Re3 Rde8 22. Qe1 Rxe3 23. Qxe3 Ne6 24. Be5 Qd7 25. Qf3 b6 26. h4 Nd4 27.
Qf4 Nc6 28. Rf3 Nxe5 29. Qxe5 Qf7 30. Kf2 g6 31. Re3 f4 32. Re4 h6 33. b3 Qf6
34. Qxf6 Rxf6 35. d4 cxd4 36. Rxd4 g5 37. hxg5 hxg5 38. Rd5 Rg6 39. Kf3 Kf7 40.
Kg4 Ke6 41. Rxg5 Rf6 42. a4 Kd6 43. Kf3 Rf7 44. b4 Ke6 45. c5 bxc5 46. Rxc5 Rg7
47. Ra5 Rb7 48. b5 Rf7 49. Ra6+ Kf5 50. Rc6 Rg7 51. Rc5+ Ke6 52. Rc4 Rg3+ 53.
Kf2 Rg4 54. Rc7 f3 55. Rxa7 fxg2 56. Kg1 Kd6 57. a5 Rb4 58. Rb7 Ra4 59. a6 1-0

[Event "Championnat de France - Accession"]
[Site "Aix-les-Bains"]
[Date "????.??.??"]
[Round "8.4"]
[White "Robin, Samy"]
[Black "Therkildsen, Thomas"]
[Result "1-0"]
[WhiteElo "2321"]
[BlackElo "2310"]
[PlyCount "59"]

1. e4 Nf6 2. e5 Nd5 3. c4 Nb6 4. d4 d6 5. f4 g5 6. d5 dxe5 7. fxe5 Bg7 8. Bd3
Bxe5 9. Nf3 Bg4 10. Qe2 f6 11. Qe4 Bxf3 12. Qxf3 Qd6 13. Nd2 N8d7 14. Qh5+ Kd8
15. O-O Nc5 16. Bf5 Nca4 17. Ne4 Qb4 18. Bxg5 Qxb2 19. Qf7 Nxc4 20. Bh6 Nc3 21.
Bf8 Qb4 22. a3 Nxa3 23. Nxc3 Bxc3 24. Rad1 c6 25. dxc6+ Kc7 26. Bxe7 Bd4+ 27.
Kh1 Qc4 28. Be6 Qc2 29. Bxa3+ Kxc6 30. Qd7+ 1-0

[Event "Championnat de France - Accession"]
[Site "Aix-les-Bains"]
[Date "2007.??.??"]
[Round "8.5"]
[White "Terrieux, Kevin"]
[Black "Vernay, Clovis"]
[Result "1/2-1/2"]
[WhiteElo "2331"]
[BlackElo "2381"]
[PlyCount "57"]
[EventDate "2007.??.??"]

1. d4 d5 2. c4 c6 3. Nf3 Nf6 4. Nc3 e6 5. cxd5 exd5 6. Bg5 Be7 7. Qc2 O-O 8. e3
Re8 9. Bd3 Nbd7 10. O-O Nf8 11. h3 Ne4 12. Bf4 Ng5 13. Nxg5 Bxg5 14. Bh2 Be7
15. Rab1 Bd6 16. Bxd6 Qxd6 17. b4 a6 18. a4 Ng6 19. Qd1 f5 20. Re1 Bd7 21. Bf1
Nh8 22. a5 Re7 23. Na4 Rae8 24. Nc5 Bc8 25. Qd2 Nf7 26. f4 Qh6 27. Qf2 Nd6 28.
h4 Qf6 29. g3 1/2-1/2

[Event "Championnat de France - Accession"]
[Site "Aix-les-Bains"]
[Date "2007.??.??"]
[Round "8.6"]
[White "Guilleux, Fabien"]
[Black "Riff, Jean-Noel"]
[Result "1/2-1/2"]
[WhiteElo "2203"]
[BlackElo "2460"]
[PlyCount "112"]
[EventDate "2007.??.??"]

1. Nf3 Nf6 2. c4 Nc6 3. d4 e6 4. Nc3 Bb4 5. Qc2 d6 6. Bd2 e5 7. a3 Bxc3 8. Bxc3
Qe7 9. O-O-O Bg4 10. dxe5 dxe5 11. h3 Bh5 12. Nh4 Nd7 13. Nf5 Qf6 14. g4 Bg6
15. Bg2 Bxf5 16. Qxf5 Qxf5 17. gxf5 Ke7 18. f4 exf4 19. Bxc6 bxc6 20. Rd4 Rhe8
21. Rhd1 Ne5 22. Bb4+ Kf6 23. Rxf4 Kg5 24. Bd2 Kh5 25. Rg1 g5 26. fxg6 fxg6 27.
b3 h6 28. Rf6 Rad8 29. Bc3 Rd6 30. Bxe5 Rxe5 31. Rgxg6 Rxf6 32. Rxf6 Re3 33.
Kc2 Rxe2+ 34. Kd3 Re7 35. Rxc6 Kg5 36. h4+ Kh5 37. Rf6 Rg7 38. Kc3 c5 39. Rf5+
Kxh4 40. Rxc5 Kg4 41. Rc8 Rh7 42. c5 Kf5 43. Kc4 Ke6 44. b4 h5 45. Kb5 h4 46.
Kc6 h3 47. Re8+ Kf7 48. Re1 h2 49. Kb7 Kf6+ 50. Kb8 h1=Q 51. Rxh1 Rxh1 52. c6
Rh8+ 53. Kxa7 Ke6 54. b5 Kd6 55. Kb7 Rh7+ 56. Kb6 Rh4 1/2-1/2

[Event "Championnat de France - Accession"]
[Site "Aix-les-Bains"]
[Date "2007.??.??"]
[Round "8.7"]
[White "Collas, Didier"]
[Black "Fargere, Francois"]
[Result "1-0"]
[WhiteElo "2458"]
[BlackElo "2339"]
[PlyCount "67"]
[EventDate "2007.??.??"]

1. e4 c5 2. Nf3 d6 3. d4 Nf6 4. Nc3 cxd4 5. Nxd4 a6 6. Qf3 e6 7. g4 Nc6 8. Nxc6
bxc6 9. g5 Nd7 10. h4 Be7 11. b3 O-O 12. Bb2 e5 13. Qg3 Nc5 14. f4 exf4 15.
Qxf4 f5 16. exf5 Bxf5 17. Qd2 d5 18. O-O-O a5 19. Bg2 Ne6 20. Rhe1 Bg4 21. Nxd5
Bxd1 22. Rxe6 cxd5 23. Bxd5 Kh8 24. Bxg7+ Kxg7 25. Qd4+ Bf6 26. gxf6+ Rxf6 27.
Rxf6 Qxf6 28. Qxf6+ Kxf6 29. Bxa8 Bg4 30. Be4 h6 31. Kd2 Ke5 32. Ke3 Be6 33. a3
Bd7 34. b4 1-0

[Event "Championnat de France - Accession"]
[Site "Aix-les-Bains"]
[Date "2007.??.??"]
[Round "8.8"]
[White "Riff, Vincent"]
[Black "Olivier, Jean-Christophe"]
[Result "1-0"]
[WhiteElo "2308"]
[BlackElo "2403"]
[PlyCount "109"]
[EventDate "2007.??.??"]

1. e4 e5 2. Nf3 Nc6 3. Bb5 a6 4. Ba4 d6 5. d4 b5 6. Bb3 Nxd4 7. Nxd4 exd4 8. c3
d3 9. a4 Rb8 10. axb5 axb5 11. Qxd3 Nf6 12. O-O Be7 13. Na3 Bd7 14. Nc2 O-O 15.
Ne3 c6 16. Rd1 Qc7 17. Bc2 Ra8 18. Bd2 Be6 19. Nf1 d5 20. exd5 Bxd5 21. Ng3 Bc4
22. Qf3 Bd5 23. Qd3 g6 24. Bg5 Ng4 25. Bxe7 Qxe7 26. Qd4 Nf6 27. h4 h5 28. f3
Rfe8 29. Rxa8 Rxa8 30. Qf4 Nh7 31. Kh2 Qf6 32. Nxh5 gxh5 33. Bxh7+ Kg7 34.
Qxf6+ Kxf6 35. Kg3 Ra2 36. Rd2 Ke5 37. Re2+ Kf6 38. Kf4 Ra1 39. Be4 Rh1 40.
Bxd5 cxd5 41. g3 Rd1 42. Re5 Kg6 43. Rg5+ Kh6 44. Ke5 Rd2 45. Kf6 Rxb2 46. g4
hxg4 47. fxg4 Kh7 48. Rxd5 b4 49. cxb4 Rxb4 50. Kxf7 Rb7+ 51. Kf6 Rb6+ 52. Kf5
Kh6 53. Re5 Rb7 54. Kf6 Rb6+ 55. Re6 1-0

[Event "Championnat de France - Accession"]
[Site "Aix-les-Bains"]
[Date "2007.??.??"]
[Round "8.9"]
[White "Saucey, Michel"]
[Black "Moussard, Jules"]
[Result "0-1"]
[WhiteElo "2347"]
[BlackElo "2239"]
[PlyCount "110"]
[EventDate "2007.??.??"]

1. d4 Nf6 2. c4 c5 3. d5 e6 4. Nc3 exd5 5. cxd5 d6 6. e4 g6 7. Nf3 Bg7 8. Bg5
O-O 9. Nd2 Nbd7 10. Be2 a6 11. a4 h6 12. Bh4 g5 13. Bg3 Qe7 14. O-O Ne5 15. f4
gxf4 16. Bxf4 Ng6 17. Bg3 Nd7 18. Nc4 Be5 19. Bxe5 Ndxe5 20. Nb6 Rb8 21. Nxc8
Rfxc8 22. Rf5 c4 23. Qd2 b5 24. axb5 axb5 25. Nd1 b4 26. Rc1 Qa7+ 27. Rf2 Kg7
28. Ne3 Nh4 29. Nxc4 Rxc4 30. Rxc4 Nxc4 31. Bxc4 Ng6 32. Kh1 Rc8 33. Bf1 Re8
34. Re2 Qb7 35. Qd4+ Re5 36. Rc2 Qe7 37. b3 Qh4 38. Rc4 Qe1 39. Kg1 Nf4 40. Qf2
Nh3+ 41. gxh3 Rg5+ 42. Qg2 Rxg2+ 43. Kxg2 Kf6 44. Rd4 Ke5 45. Rd3 Qxe4+ 46. Kf2
Qf4+ 47. Ke1 f5 48. Be2 Qc1+ 49. Kf2 f4 50. h4 Qh1 51. h3 Qh2+ 52. Kf1 Ke4 53.
h5 Qh1+ 54. Kf2 Qb1 55. Rf3 Qc2 0-1

[Event "Championnat de France - Accession"]
[Site "Aix-les-Bains"]
[Date "2007.??.??"]
[Round "8.10"]
[White "Mancini, Mario"]
[Black "Benitah, Yohan"]
[Result "0-1"]
[WhiteElo "2230"]
[BlackElo "2421"]
[PlyCount "46"]
[EventDate "2007.??.??"]

1. d4 d5 2. c4 c6 3. Nf3 Nf6 4. Nc3 dxc4 5. a4 Bf5 6. Ne5 Na6 7. f3 Nd7 8. Nxc4
e5 9. e4 exd4 10. exf5 dxc3 11. Nd6+ Bxd6 12. Qxd6 Qa5 13. Kf2 O-O-O 14. Bxa6
Ne5 15. b4 Qb6+ 16. Qc5 bxa6 17. Kg3 Qxc5 18. bxc5 Rd5 19. Ra3 c2 20. Re1 Nd3
21. Rf1 Nb4 22. Rc3 Rd1 23. Kf2 Nd3+ 0-1

[Event "Championnat de France - Accession"]
[Site "Aix-les-Bains"]
[Date "????.??.??"]
[Round "8.11"]
[White "Chomet, Pascal"]
[Black "Marie, Maxime"]
[Result "1-0"]
[WhiteElo "2353"]
[BlackElo "2226"]
[PlyCount "117"]

1. e4 c5 2. Nf3 Nc6 3. Nc3 Nf6 4. Bb5 Qc7 5. O-O a6 6. Bxc6 dxc6 7. h3 e5 8. d3
Bd6 9. Bg5 Nd7 10. a4 Nf8 11. a5 Ne6 12. Bd2 Bd7 13. Na4 O-O-O 14. Rb1 Kb8 15.
Nb6 f5 16. exf5 Nf4 17. Nc4 Bxf5 18. Re1 Ng6 19. Ng5 h6 20. Ne4 Be7 21. b4 cxb4
22. Bxb4 Nf4 23. Bc3 Rd5 24. Ng3 Bxd3 25. cxd3 Nxd3 26. Qe2 Rf8 27. Bxe5 Nxe5
28. Nxe5 Bc5 29. Nd3 Bxf2+ 30. Nxf2 Qxg3 31. Ne4 Qc7 32. Qc4 Rxa5 33. Nc5 Rb5
34. Qd4 Rd8 35. Qf2 Rd5 36. Re8+ Rd8 37. Rbe1 a5 38. Ne6 Rxe8 39. Nxc7 Rxe1+
40. Qxe1 Kxc7 41. Qe7+ Kb6 42. Qxg7 h5 43. Qd4+ Ka6 44. Kf2 Rb4 45. Qd3+ b5 46.
Qd7 Rc4 47. Qc8+ Kb6 48. Qd8+ Ka6 49. g4 hxg4 50. hxg4 a4 51. g5 Rc2+ 52. Kf3
Rc3+ 53. Ke4 Rc1 54. g6 Rg1 55. Qd6 Ka5 56. Qxc6 Re1+ 57. Kd3 Rg1 58. g7 Rg3+
59. Kc2 1-0

[Event "Championnat de France - Accession"]
[Site "Aix-les-Bains"]
[Date "2007.??.??"]
[Round "8.12"]
[White "Giua, Frederic"]
[Black "Fayard, Alain"]
[Result "0-1"]
[WhiteElo "2204"]
[BlackElo "2305"]
[PlyCount "64"]
[EventDate "2007.??.??"]

1. Nf3 Nf6 2. c4 c5 3. Nc3 Nc6 4. d4 cxd4 5. Nxd4 Qb6 6. Nc2 e6 7. e3 a6 8. Be2
Be7 9. O-O O-O 10. e4 d6 11. Rb1 Qc7 12. Be3 Ne5 13. Na3 b6 14. f4 Ned7 15. Bf3
Bb7 16. Bf2 Rfd8 17. Qe2 Rac8 18. Rbc1 Bf8 19. Qe3 Qb8 20. g4 b5 21. cxb5 d5
22. Qe2 Nc5 23. e5 Nfe4 24. Bd4 axb5 25. Naxb5 Ba6 26. a4 Nxa4 27. Nxa4 Bxb5
28. Rxc8 Rxc8 29. Qd1 Bxf1 30. Kxf1 Qb4 31. Nc3 Nxc3 32. bxc3 Qa3 0-1

[Event "Championnat de France - Accession"]
[Site "Aix-les-Bains"]
[Date "2007.??.??"]
[Round "8.13"]
[White "Lerch, Patrice"]
[Black "Lagarde, Maxime"]
[Result "0-1"]
[WhiteElo "2301"]
[BlackElo "2200"]
[PlyCount "96"]
[EventDate "2007.??.??"]

1. e4 c5 2. Nc3 Nc6 3. g3 g6 4. Bg2 Bg7 5. d3 d6 6. Be3 e6 7. Qd2 Rb8 8. Nh3 b5
9. O-O Nd4 10. Nd1 Nf6 11. c3 Nc6 12. Bh6 O-O 13. Bxg7 Kxg7 14. Ne3 d5 15. exd5
exd5 16. Nf4 Ne7 17. d4 c4 18. Rfe1 g5 19. Nh3 h6 20. Re2 Be6 21. Kh1 Qd7 22.
Ng1 Ng6 23. Nf3 Ne4 24. Qc2 f5 25. Nf1 f4 26. Ng1 g4 27. f3 Ng5 28. gxf4 Nxf4
29. Re5 Nd3 30. Re3 Bf5 31. Ng3 gxf3 32. Nxf5+ Rxf5 33. Nxf3 Ne4 34. Ne5 Qb7
35. Bxe4 dxe4 36. Rg1+ Kh7 37. h3 Rf2 38. Qd1 Rf5 39. Qe2 Rbf8 40. Qg2 Rg5 41.
Ng4 Rf3 42. Qe2 Nf4 43. Qe1 Nxh3 44. Rxf3 exf3 45. Nf6+ Kg6 46. Qe8+ Kxf6 47.
Qf8+ Kg6 48. Qg8+ Kh5 0-1

[Event "Championnat de France - Accession"]
[Site "Aix-les-Bains"]
[Date "????.??.??"]
[Round "8.14"]
[White "Van Elst, Andreas"]
[Black "Blum, Nicolas"]
[Result "1/2-1/2"]
[WhiteElo "2294"]
[BlackElo "2166"]
[PlyCount "133"]

1. d4 Nf6 2. c4 e6 3. Nc3 Bb4 4. e3 O-O 5. Bd3 c5 6. a3 Bxc3+ 7. bxc3 Nc6 8.
Ne2 b6 9. O-O Ba6 10. e4 Ne8 11. f4 f5 12. exf5 exf5 13. dxc5 bxc5 14. Be3 d6
15. Bf2 Qd7 16. Bh4 Nf6 17. Ng3 g6 18. Re1 Rae8 19. Rxe8 Qxe8 20. Qd2 Qf7 21.
Be2 Ne4 22. Nxe4 fxe4 23. Qxd6 Qxf4 24. Qxf4 Rxf4 25. Bf2 Rf5 26. Rd1 Na5 27.
Bg4 Rf6 28. Bxc5 Bxc4 29. Bxa7 Nc6 30. Be3 Ne5 31. Bc8 Rf8 32. Bb7 Ng4 33. Bc5
Rf5 34. h3 Rxc5 35. hxg4 Bd3 36. c4 Kg7 37. Bd5 Bxc4 38. Bxe4 Be6 39. Bf3 Ra5
40. Ra1 Kf6 41. Kf2 Kg5 42. Kg3 Ra4 43. Bd1 Rd4 44. a4 Rd3+ 45. Bf3 Bxg4 46. a5
Bxf3 47. gxf3 Rd7 48. a6 Ra7 49. Ra5+ Kf6 50. Kf4 Ke6 51. Kg5 Kf7 52. Ra4 Ke7
53. Kh6 Kf6 54. Ra5 Ke6 55. Kg5 Kf7 56. Ra4 Ke7 57. Re4+ Kf7 58. Rf4+ Kg7 59.
Ra4 Kf7 60. Ra3 Ke7 61. Rb3 Rxa6 62. Rb7+ Kf8 63. Rxh7 Kg8 64. Rb7 Rc6 65. f4
Ra6 66. Kh6 Rf6 67. Rg7+ 1/2-1/2

[Event "Championnat de France - Accession"]
[Site "Aix-les-Bains"]
[Date "2007.??.??"]
[Round "8.15"]
[White "Moucheroud, Jeremy"]
[Black "Bleunven, Andre"]
[Result "1-0"]
[WhiteElo "1982"]
[BlackElo "2290"]
[PlyCount "95"]
[EventDate "2007.??.??"]

1. e4 c5 2. Nf3 e6 3. d4 cxd4 4. Nxd4 a6 5. Nc3 Qc7 6. Bd3 Nf6 7. O-O Bc5 8.
Nb3 Be7 9. Qe2 d6 10. f4 Nc6 11. Bd2 b5 12. Rae1 Bb7 13. Kh1 b4 14. Nb1 e5 15.
c4 O-O 16. f5 Nd7 17. Qg4 Kh8 18. Re3 Nf6 19. Qe2 a5 20. g4 a4 21. Nc1 Ng8 22.
Rh3 g5 23. Rh5 f6 24. h4 h6 25. Qh2 Kg7 26. Kg2 Rf7 27. Rh1 Kf8 28. hxg5 hxg5
29. Rh8 Rg7 30. Rh7 Bd8 31. Rxg7 Qxg7 32. Qg1 Ba5 33. Rh3 Rc8 34. Qh1 Rc7 35.
Rh8 Nd4 36. Kf1 Nc6 37. c5 d5 38. exd5 Nd4 39. c6 Nxc6 40. dxc6 Bxc6 41. Qh3
Bd5 42. Bb5 b3 43. Bxa5 Rxc1+ 44. Ke2 Bc6 45. Bb4+ Ke8 46. Bxc6+ Rxc6 47. Qh5+
Kd8 48. Ba5+ 1-0

[Event "Championnat de France - Accession"]
[Site "Aix-les-Bains"]
[Date "2007.??.??"]
[Round "8.17"]
[White "Bissieres, Matthieu"]
[Black "Boudre, Jean-Pierre"]
[Result "1/2-1/2"]
[WhiteElo "2221"]
[BlackElo "2329"]
[PlyCount "21"]
[EventDate "2007.??.??"]

1. e4 e5 2. Nf3 Nc6 3. d4 exd4 4. Nxd4 Nf6 5. Nxc6 bxc6 6. e5 Qe7 7. Qe2 Nd5 8.
c4 Nb6 9. b3 d5 10. exd6 cxd6 11. Qxe7+ 1/2-1/2